Liturgický slovník (2) ; Tibor Bencsik, Jozef Hutta, Peter Škoda, Ján Wechter, Peter Willam

Podrobná bibliografia
Hlavní autori: Bencsik, Tibor (Autor), Hutta, Jozef (Autor), Škoda, Peter teológ (Autor), Wechter, Ján, 1971- (Autor), Willam, Peter (Autor)
Médium: Článok
Jazyk:slovenčina
ISSN:1210-0676
Predmet:

MARC

LEADER 00000nab a2200000 a 4500
001 vtls000598497
003 SK-MaSNL
005 20260304100555.0
008 250425c xo 0 slo
015 |a SNBRB19rr/mm-uuuuu 
035 |a CL0598636 
035 |a urn:nbn:sk:snk-abfmu 
035 |a (urnnbn)urn:nbn:sk:snk:ar-a0421s 
035 |a (uuid)79ea843a-7d70-4360-a854-0a021006ccc8 
040 |a SNKBUCL  |b slo  |c SNKBUCL  |e AACR2 
041 0 |a slo 
044 |a xo  |c SK 
080 |a 264(038)  |2 1981 
245 0 0 |a Liturgický slovník (2) ; Tibor Bencsik, Jozef Hutta, Peter Škoda, Ján Wechter, Peter Willam 
650 0 7 |a slovníky liturgické  |2 snkbucl  |9 1391870 
655 7 |a články z novín a časopisov  |2 snkbucl  |9 267496 
700 1 |a Bencsik, Tibor  |4 aut  |9 904220 
700 1 |a Hutta, Jozef  |4 aut  |9 782326 
700 1 |a Škoda, Peter  |c teológ  |4 aut  |9 1391871 
700 1 |a Wechter, Ján,  |d 1971-  |4 aut  |9 90211 
700 1 |a Willam, Peter  |4 aut  |9 1391872 
773 0 |t Liturgia  |g Roč. 6, č. 2 (22) (1996), s. 153-160  |x 1210-0676 
850 |a Slovenská národná knižnica 
852 |a Slovenská národná knižnica 
958 |a article27 
958 |a OND 
958 |a RK 
958 |a SK 
992 |a RBX 
999 |c 2838613  |d 2840543